Wymień wszystkie zajezdnie w Warszawie - Statystyki

Ogólne statystyki
  • Ten quiz został rozwiązany 22 razy
  • Średni wynik to 7 z 11
Statystyki odpowiedzi
Typ Zajezdni Ulica Zajezdnia % Poprawnych
Tramwajowa/Autobusowa Jana Pawła Woronicza Zajezdnia Woronicza
89%
Tramwajowa Innowłodzka / Annopol Zajezdnia Annopol
79%
Autobusowa Ostrobramska Zajezdnia Ostrobramska
79%
Autobusowa Kleszczowa Zajezdnia Kleszczowa
74%
Autobusowa Stalowa Zajezdnia Stalowa
74%
Tramwajowa Zgrupowania AK "Kampinos" Zajezdnia Żoliborz
74%
Tramwajowa Kawęczyńska Zajezdnia Praga
63%
Autobusowa Redutowa / Nakielska Zajezdnia Redutowa
53%
Tramwajowa Jana Pawła Woronicza Zajezdnia Mokotów
47%
Tramwajowa Siedmiogrodzka Zajezdnia Wola
47%
Autobusowa Posąg 7 Panien Zajezdnia Ursus Północny
26%
Nie znaleziono quizów pasujących do podanych kryteriów
Rozkład punktacji
Procent ludzi z każdym wynikiem
Percentyl według liczby udzielonych odpowiedzi
Twoja historia wyników
Nie rozwiązałeś tego quizu